| Tag |
First Indicator |
Second Indicator |
Subfields |
| LEADER |
00000cam a2200000 a 4500 |
| 001 |
in00001407517 |
| 005 |
20151020062215.0 |
| 008 |
961216s1997 enka b 001 0 eng |
| 010 |
|
|
|a 96053577
|
| 015 |
|
|
|a GB97-71742
|
| 019 |
|
|
|a 38474566
|
| 020 |
|
|
|a 0521496969 (hc)
|
| 020 |
|
|
|a 0521497930 (pbk.)
|
| 035 |
|
|
|a (OCoLC)36135882
|
| 035 |
|
|
|9 AHP0967AM
|
| 040 |
|
|
|a DLC
|c DLC
|d UKM
|d UtOrBLW
|
| 049 |
|
|
|a TXAM
|
| 050 |
0 |
0 |
|a RC565
|b .E38 1997
|
| 082 |
0 |
0 |
|a 616.86/106
|2 21
|
| 100 |
1 |
|
|a Edwards, Griffith.
|
| 245 |
1 |
4 |
|a The treatment of drinking problems :
|b a guide for the helping professions /
|c Griffith Edwards, E. Jane Marshall, Christopher C. Cook.
|
| 250 |
|
|
|a 3rd ed.
|
| 264 |
|
1 |
|a Cambridge ;
|a New York, NY, USA :
|b Cambridge University Press,
|c 1997.
|
| 300 |
|
|
|a xi, 368 pages :
|b illustrations ;
|c 24 cm.
|
| 336 |
|
|
|a text
|b txt
|2 rdacontent
|
| 337 |
|
|
|a unmediated
|b n
|2 rdamedia
|
| 338 |
|
|
|a volume
|b nc
|2 rdacarrier
|
| 504 |
|
|
|a Includes bibliographical references and indexes.
|
| 650 |
|
0 |
|a Alcoholism
|x Treatment.
|
| 700 |
1 |
|
|a Marshall, E. Jane.
|
| 700 |
1 |
|
|a Cook, Chris
|q (Christopher C.H.)
|
| 948 |
|
|
|a c:en
|
| 999 |
|
|
|a MARS
|
| 999 |
f |
f |
|s d5d3caaf-3243-3e34-beee-d33965a23230
|i f89b0d27-6f48-30c2-ba7c-9ab3a10f457a
|t 0
|
| 952 |
f |
f |
|p ric
|a Texas A&M University
|b Rellis Campus
|c Joint Library Facility
|d Remote Storage
|t 0
|e RC565 .E38 1997
|h Library of Congress classification
|i unmediated -- volume
|m A14822536896
|
| 998 |
f |
f |
|a RC565 .E38 1997
|t 0
|l Remote Storage
|